000 01086nam a22002417a 4500
005 20240530110444.0
008 150426s2006 ua f b 000 0 ara d
017 _a2006/14449
_bمصر . دار الكتب المصرية
040 _aEG-CaGPL
082 0 4 _221
_a932.262
_bق/أ أ
100 0 _aامل محمد فهمى
245 1 0 _aامراء الاسرة المالكة و دورهم فى الحياة المصرية :
_b1882 - 1928 م /
_cتاليف امل محمد فهمى
260 _aالقاهرة :
_bالهيئة المصرية العامة للكتاب ،
_c2006 .
300 _a247 ص ؛
_c24 سم +
_eملاحق .
504 _aببليوجرافية : ص 331 - 345
650 0 4 _aالامراء المصريون
_xتاريخ
651 0 4 _aمصر
_xتاريخ
_yالعصر الحديث
_yعصر محمد على (1805 - 1849 م )
651 0 4 _aمصر
_xالاحوال السياسية
651 0 4 _aمصر
_xالاحوال الاجتماعية
651 0 4 _aمصر
_xالاحوال الثقافية
942 _2ddc
_cBK
999 _c61112
_d61112